[Event "Prague Golden Rapid op"]
[Site "Prague"]
[Date "2023.06.17"]
[Round "7"]
[White "Barabas, Ales"]
[Black "Aubrecht, Petr"]
[Result "0-1"]
[WhiteElo "1708"]
[BlackElo "1863"]
[PlyCount "88"]
[EventDate "2023.06.17"]
[EventType "swiss (rapid)"]
[EventRounds "9"]
[EventCountry "CZE"]
[SourceTitle "CBM 215 Extra"]
[Source "ChessBase"]
[SourceDate "2023.09.30"]
[SourceVersion "1"]
[SourceVersionDate "2023.09.30"]
[SourceQuality "1"]

1. Nf3 Nf6 2. g3 g6 3. Bg2 Bg7 4. c4 d6 5. d4 0-0 6. 0-0 Nc6 7. Nc3 Rb8 8. h3 Na5 9. Qd3 c5 10. d5 Bd7 11. Bd2 a6 12. Rab1 b5 13. cxb5 axb5 14. Bg5 b4 15. Bxf6 Bxf6 16. Ne4 Bg7 17. b3 Bb5 18. Qc2 Qb6 19. Ned2 Bxe2 20. Rfe1 Qa6 21. Bf1 Bxf1 22. Rxf1 Rb7 23. Rfe1 Bc3 24. Re3 Rfb8 25. Ne4 Bg7 26. Ned2 Rc7 27. Nc4 Nxc4 28. bxc4 Ra7 29. a3 Qa4 30. Qxa4 Rxa4 31. axb4 cxb4 32. Reb3 Bf6 33. Nd2 Kf8 34. Ne4 Bd4 35. Kf1 f5 36. Ng5 Ke8 37. Nxh7 Ra2 38. f4 Rf2+ 39. Ke1 Rh2 40. Ng5 Bf6 41. Ne6 Rxh3 42. Rxb4 Rh1+ 43. Ke2 Rxb1 44. Rxb1 Rxb1 0-1

[Event "Hradec Kralove op 11th"]
[Site "Hradec Kralove"]
[Date "2021.11.07"]
[Round "2"]
[White "Barabas, Ales"]
[Black "Stocek, Jiri1111"]
[Result "1-0"]
[WhiteElo "1745"]
[BlackElo "1261"]
[PlyCount "97"]
[EventDate "2021.11.06"]
[EventType "swiss"]
[EventRounds "9"]
[EventCountry "CZE"]
[SourceTitle "CBM 205 Extra"]
[Source "ChessBase"]
[SourceDate "2022.01.31"]
[SourceVersion "1"]
[SourceVersionDate "2022.01.31"]
[SourceQuality "1"]

1. Nf3 Nf6 2. g3 g6 3. Bg2 Bg7 4. 0-0 0-0 5. c4 Nc6 6. d4 d6 7. Nc3 a6 8. e4 Bg4 9. h3 Bxf3 10. Bxf3 Qc8 11. Bg2 Nd7 12. Be3 Rb8 13. Rc1 e5 14. d5 Ne7 15. Qd2 f6 16. b4 Nb6 17. Bxb6 cxb6 18. Na4 Qd8 19. Qe3 b5 20. cxb5 axb5 21. Nc3 Qd7 22. Qe2 f5 23. Qxb5 Qd8 24. f3 f4 25. g4 Bf6 26. Na4 Bh4 27. Nb6 Rf7 28. Rc2 Bg3 29. Rfc1 Kg7 30. Rc7 g5 31. Qd7 Qxd7 32. Rxd7 Kg6 33. Rcc7 Re8 34. Rxb7 h5 35. Rxd6+ Rf6 36. gxh5+ Kg7 37. Rxf6 Kxf6 38. Nd7+ Kg7 39. Nxe5 Kf6 40. Ng4+ Kf7 41. d6 Ra8 42. Rxe7+ Kf8 43. Rc7 Ke8 44. Rc2 Kd7 45. e5 Rh8 46. h6 Bh4 47. Rc7+ Kd8 48. Rg7 Bg3 49. h7 1-0

[Event "Hradec Kralove op 11th"]
[Site "Hradec Kralove"]
[Date "2021.11.06"]
[Round "1"]
[White "Valenta, Vit"]
[Black "Barabas, Ales"]
[Result "1-0"]
[WhiteElo "2028"]
[BlackElo "1745"]
[PlyCount "115"]
[EventDate "2021.11.06"]
[EventType "swiss"]
[EventRounds "9"]
[EventCountry "CZE"]
[SourceTitle "CBM 205 Extra"]
[Source "ChessBase"]
[SourceDate "2022.01.31"]
[SourceVersion "1"]
[SourceVersionDate "2022.01.31"]
[SourceQuality "1"]

1. b4 e6 2. Bb2 d5 3. Nf3 Nf6 4. a3 Nbd7 5. d3 c5 6. c3 Be7 7. Nbd2 0-0 8. g3 b6 9. Bg2 Bb7 10. 0-0 Qc7 11. b5 Ne5 12. Nxe5 Qxe5 13. Re1 Rfd8 14. Qc2 Qc7 15. c4 Nd7 16. e4 Bf6 17. Bxf6 Nxf6 18. cxd5 exd5 19. e5 Nd7 20. d4 Nf8 21. f4 Ne6 22. Nf3 Qd7 23. Qb2 g6 24. Bh3 Qe7 25. Bxe6 fxe6 26. Rec1 c4 27. Ne1 a5 28. a4 Rdc8 29. Rc3 Rc7 30. Ng2 Kg7 31. Ne3 h5 32. Ng2 Rf8 33. Qe2 Qb4 34. Qc2 Qe7 35. Rf1 Bc8 36. Nh4 Qf7 37. Rff3 Bd7 38. Qg2 Be8 39. Rfe3 Qe7 40. Nf3 Qb4 41. Qc2 Bd7 42. Ng5 Qe7 43. Qe2 Qb4 44. Qd1 Qe7 45. Nh3 Rcc8 46. g4 Qh4 47. Rg3 hxg4 48. Rxg4 Qh6 49. Ng5 Rf5 50. Kg2 Rh8 51. Rh3 Rxg5 52. Rxh6 Rxg4+ 53. Qxg4 Rxh6 54. Qg5 Be8 55. Qf6+ Kg8 56. Qxe6+ Bf7 57. Qc8+ Kg7 58. e6 1-0

[Event "CZE-ch Betsys Online Blitz"]
[Site "Chess.com INT"]
[Date "2021.04.17"]
[Round "1"]
[White "Barabas, Ales"]
[Black "Bures, Vit"]
[Result "0-1"]
[WhiteElo "1733"]
[BlackElo "2119"]
[PlyCount "108"]
[EventDate "2021.04.17"]
[EventType "swiss (blitz)"]
[EventRounds "13"]
[EventCountry "CZE"]
[SourceTitle "CBM 201 Extra"]
[Source "ChessBase"]
[SourceDate "2021.05.31"]
[SourceVersion "1"]
[SourceVersionDate "2021.05.31"]
[SourceQuality "1"]

1. Nf3 d5 2. g3 Nf6 3. Bg2 c6 4. 0-0 Bg4 5. d4 e6 6. Nbd2 Nbd7 7. c4 Be7 8. c5 b6 9. b4 a5 10. bxa5 bxc5 11. dxc5 Bxc5 12. Nb3 Bd6 13. Bb2 0-0 14. Rc1 c5 15. h3 Bxf3 16. Bxf3 c4 17. Nd4 Qxa5 18. Nc6 Qxa2 19. Bxf6 Nxf6 20. Nd4 Rfc8 21. Rc2 Qa4 22. Qd2 h6 23. e3 Bb4 24. Qc1 c3 25. Ne2 Rc5 26. Nxc3 Qc6 27. Nxd5 exd5 28. Rxc5 Qxc5 29. Qxc5 Bxc5 30. Rd1 Rd8 31. Kf1 Kf8 32. Ke2 Ke7 33. Kd3 Ke6 34. Rc1 Rc8 35. Rc2 Rc7 36. Ra2 Ra7 37. Rc2 Ra3+ 38. Ke2 Kd6 39. g4 g5 40. Bg2 Ne4 41. Bxe4 dxe4 42. Rd2+ Ke6 43. Rc2 Bd6 44. Rc6 Ra2+ 45. Kf1 Kd5 46. Rc8 Ke6 47. Rh8 f6 48. Rxh6 Ra7 49. Rh8 Rd7 50. Re8+ Be7 51. Kg2 Rd8 52. Rxd8 Bxd8 53. f3 exf3+ 54. Kxf3 Ke5 0-1